Hazardné hry v počítačových sieťach

Na minha lista:
Detalhes bibliográficos
Autor principal: Blšák, Ján (Author)
Outros Autores: Greško, Marek, 1981- (xxx)
Formato: Manuscrito Livro
Idioma:eslovaco
Publicado em: Bratislava : STU v Bratislave FIIT, 2004
Assuntos:
Tags: Adicionar Tag
Sem tags, seja o primeiro a adicionar uma tag!

MARC

LEADER 00000ntm a22000003a 4500
001 stu139858
005 20160720142929.7
008 070411s2004----xo------------------slo-d
040 |a STU  |b slo 
041 0 |a slo 
044 |a xo 
100 1 |a Blšák, Ján  |4 aut 
245 1 |a Hazardné hry v počítačových sieťach 
260 |a Bratislava :  |b STU v Bratislave FIIT,  |c 2004 
300 |a 69 s 
650 7 |a informatika  |2 stusub 
700 1 |a Greško, Marek,  |d 1981-  |4 xxx  |u E170  |U FEI Fakulta elektrotechniky a informatiky  |T FEI Katedra matematiky  |X 14915  |U E170  |Y 64  |7 A000014915 
996 |b IDP05/04  |c I*DP05/04  |l II680  |s A  |a 24  |w stu139858_0001